Problemas de física : mecánica y calor /

Guardado en:
Autor Principal: Gray, Robert L.
Formato: Libro
Publicado: México : Limusa, 1979
Materias:
Etiquetas: Agregar Etiqueta
Sin Etiquetas, Sea el primero en etiquetar este registro!
LEADER 00499nam a22001815a 4500
001 CEM.cems017808
005 20120703111221.0
008 130507s1979##################000#0#####d
003 CEMS
020 |a 968180113X 
082 0 4 |a 530 
100 1 |a Gray, Robert L. 
245 1 0 |a Problemas de física :  |b mecánica y calor /  |c Robert Gray 
260 |a México :  |b Limusa,  |c 1979 
300 |a 307 p. 
653 |a Física 
653 |a Física-problemas 
859 |a CEMS  |b BIB. CEMS - Agricultura  |h 530  |i G791  |p A1573.12  |t Ej.1